Statistics for Brazil Global Cities

Click here to take the quiz!

General Stats

  • This quiz has been taken 33 times
  • The average score is 9 of 10

Answer Stats

HintAnswer% Correct
Gamma-Belo Horizonte
100%
High SufficiencyBrasília
100%
BetaRio de Janeiro
100%
AlphaSão Paulo
100%
High SufficiencyPorto Alegre
93%
SufficiencyRecife
93%
SufficiencySalvador
93%
High SufficiencyCuritiba
85%
SufficiencyCampinas
70%
SufficiencyGoiânia
70%

Score Distribution

Percentile by Number Answered

Percent of People with Each Score

Your Score History

You have not taken this quiz